000 00751nam a2200241 a 4500
003 SISC
005 20160610143206.0
008 080107s19uu xx 00 eng d
020 _a0470810823
050 _aHD 2346.P16
_b.Sch33 2007
100 _aSchaper, Michael.
245 _aEntrepreneurship and small business /
_cMichael Schaper, Thierry Volery.
250 _a2nd Pacific Rim edition.
260 _aAustralia :
_bJohn Wiley & Sons, Ltd,
_c2007.
300 _a482 pages :
_billustrations ;
_c24 cm.
500 _aIncludes glossary and index.
650 _aSmall business
_xPacific area.
650 _aEntrepreneurship
_xPacific area.
650 _aNew business enterprise.
942 _cBK
_2lcc
_kFOR
999 _c22736
_d22736